[Event "Geneve Cavaliers Fous op 7th"]
[Site "Geneve"]
[Date "2021.09.24"]
[Round "2"]
[White "Heuberger, Christian"]
[Black "Elkiess, Gregory"]
[Result "1-0"]
[WhiteElo "2078"]
[BlackElo "1740"]
[PlyCount "27"]
[EventDate "2021.09.17"]
[EventType "swiss"]
[EventRounds "7"]
[EventCountry "SUI"]
[SourceTitle "EXT 2023"]
[Source "ChessBase"]
[SourceDate "2022.10.05"]
[SourceVersion "1"]
[SourceVersionDate "2022.10.05"]
[SourceQuality "1"]

1. Nc3 c5 2. e4 g6 3. Bc4 Bg7 4. d3 e6 5. Bf4 a6 6. a4 d6 7. Nf3 Ne7 8. Qd2 0-0 9. 0-0 d5 10. Bb3 dxe4 11. Nxe4 Bxb2 12. c3 Bxa1 13. Nf6+ Kh8 14. Bc7 1-0

[Event "Geneve Bois Gentil op"]
[Site "Geneve"]
[Date "2020.02.07"]
[Round "4"]
[White "Rincon, Jose Maria"]
[Black "Elkiess, Gregory"]
[Result "1-0"]
[WhiteElo "1901"]
[BlackElo "1722"]
[PlyCount "69"]
[EventDate "2020.01.10"]
[EventType "swiss"]
[EventRounds "7"]
[EventCountry "SUI"]
[SourceTitle "CBM 195 Extra"]
[Source "ChessBase"]
[SourceDate "2020.05.31"]
[SourceVersion "1"]
[SourceVersionDate "2020.05.31"]
[SourceQuality "1"]

1. e4 c5 2. Nf3 g6 3. Bc4 Nc6 4. a3 Bg7 5. 0-0 e6 6. Nc3 a6 7. Ba2 b5 8. d3 Nge7 9. Ne2 0-0 10. d4 cxd4 11. Nexd4 Nxd4 12. Nxd4 Bb7 13. Re1 Rc8 14. c3 Kh8 15. Qg4 h5 16. Qh3 Nc6 17. Nf3 Ne5 18. Nxe5 Bxe5 19. g4 Kg7 20. gxh5 Rh8 21. h6+ Kh7 22. Qg4 f5 23. exf5 gxf5 24. Qh5 Rg8+ 25. Kf1 Qf6 26. Be3 Rg6 27. Rad1 Bc6 28. h4 Bg2+ 29. Ke2 Bh3 30. Rxd7+ Kh8 31. f3 f4 32. Bf2 Rf8 33. Kd1 Bf5 34. Rxe5 Rfg8 35. Rxf5 1-0

[Event "Geneve Bois Gentil op"]
[Site "Geneve"]
[Date "2020.01.17"]
[Round "2"]
[White "Sadeghi, Purya"]
[Black "Elkiess, Gregory"]
[Result "0-1"]
[WhiteElo "1777"]
[BlackElo "1722"]
[PlyCount "52"]
[EventDate "2020.01.10"]
[EventType "swiss"]
[EventRounds "7"]
[EventCountry "SUI"]
[SourceTitle "CBM 195 Extra"]
[Source "ChessBase"]
[SourceDate "2020.05.31"]
[SourceVersion "1"]
[SourceVersionDate "2020.05.31"]
[SourceQuality "1"]

1. e4 c5 2. Nf3 g6 3. d4 cxd4 4. Nxd4 Bg7 5. Nc3 Nc6 6. Be3 Nf6 7. f3 0-0 8. Qd2 d5 9. exd5 Nxd5 10. Nxc6 bxc6 11. 0-0-0 Be6 12. Bd4 Qa5 13. Nxd5 Qxd2+ 14. Rxd2 cxd5 15. Bb5 Bh6 16. Rhd1 Bxd2+ 17. Rxd2 a5 18. Bc5 Rab8 19. a4 Rb7 20. b3 f6 21. Kb2 Kf7 22. Re2 Rfb8 23. Ba6 Rc7 24. Bf2 Bc8 25. Bb5 Bd7 26. c4 dxc4 0-1

[Event "Berlin Maccabi op"]
[Site "Berlin"]
[Date "2015.08.03"]
[Round "6"]
[White "Elkiess, Gregory"]
[Black "Glassman, Jeremy R"]
[Result "0-1"]
[WhiteElo "1638"]
[BlackElo "2215"]
[PlyCount "54"]
[EventDate "2015.07.29"]
[EventType "swiss"]
[EventRounds "7"]
[EventCountry "GER"]
[SourceTitle "CBM 167 Extra"]
[Source "ChessBase"]
[SourceDate "2015.09.14"]
[SourceVersion "1"]
[SourceVersionDate "2015.09.14"]
[SourceQuality "1"]

1. e4 c5 2. Nc3 d6 3. f4 g6 4. Bb5+ Bd7 5. Bc4 Bg7 6. Nf3 Nc6 7. 0-0 e6 8. Qe1 Nge7 9. d3 0-0 10. Qh4 Nd4 11. Nxd4 Bxd4+ 12. Kh1 f5 13. Rf3 Bf6 14. Qh6 Bg7 15. Qh3 a6 16. a4 Nc6 17. Ne2 Kh8 18. Ba2 b5 19. axb5 axb5 20. Rf1 Nb4 21. c3 Nxa2 22. Be3 b4 23. g4 bxc3 24. bxc3 Nxc3 25. Rxa8 Qxa8 26. Ng3 fxe4 27. dxe4 Nxe4 0-1

[Event "Bois Gentil op"]
[Site "Geneve"]
[Date "2014.01.24"]
[Round "3"]
[White "Elkiess, Gregory"]
[Black "Reich, Erwin"]
[Result "1/2-1/2"]
[WhiteElo "1633"]
[BlackElo "1873"]
[PlyCount "126"]
[EventDate "2014.01.10"]
[EventType "swiss"]
[EventRounds "7"]
[EventCountry "SUI"]
[SourceTitle "CBM 158 Extra"]
[Source "ChessBase"]
[SourceDate "2014.02.28"]
[SourceVersion "1"]
[SourceVersionDate "2014.02.28"]
[SourceQuality "1"]

1. e4 c6 2. d4 d5 3. exd5 cxd5 4. Bd3 Nf6 5. Bf4 Bg4 6. Nf3 Nc6 7. c3 e6 8. Nbd2 Nh5 9. Bg3 Bd6 10. Qb3 Rb8 11. Ne5 Nxg3 12. hxg3 Bxe5 13. dxe5 Nxe5 14. Bb5+ Nc6 15. Qa4 Bf5 16. g4 Bg6 17. Bxc6+ bxc6 18. Qxc6+ Qd7 19. Qxd7+ Kxd7 20. b3 e5 21. g5 e4 22. 0-0-0 Ke6 23. g4 f5 24. gxf6 gxf6 25. Nf1 Rbc8 26. Kb2 Rhd8 27. Ne3 Rd7 28. Rd4 Rcd8 29. Rhd1 Bf7 30. c4 dxc4 31. Rxd7 Rxd7 32. Rxd7 Kxd7 33. bxc4 h5 34. gxh5 Bxh5 35. Kc3 Bg6 36. Kd4 Kc6 37. Ng4 e3 38. fxe3 Bb1 39. a3 f5 40. Ne5+ Kc7 41. Kc5 Be4 42. a4 a6 43. a5 Bb7 44. Nf7 Be4 45. Nd6 Bc2 46. Kd5 Bd3 47. c5 Bc2 48. Ne8+ Kd7 49. Nf6+ Kc7 50. Nh5 Be4+ 51. Kd4 Kc6 52. Nf6 Bg2 53. Ne8 Be4 54. Nd6 Bb1 55. Nc4 Be4 56. Nd6 Bb1 57. Ke5 Kxc5 58. Nxf5 Kb4 59. Nd6 Kxa5 60. Nc4+ Kb4 61. Kd4 Bh7 62. Ne5 a5 63. Nc6+ Kb5 1/2-1/2